banner koha

Perdas de producao em cana-de-acucar causadas pela sauva-mata-pasto, Atta bisphaerica. Parte 1. [Saccharum spp, Brasil] (Registro n. 124039)

MARC details
000 -LÍDER
campo de controle de tamanho fixo 00929nas a2200277 4500
001 - NÚMERO DE CONTROLE
campo de controle BR8805027
003 - IDENTIFICADOR DO NÚMERO DE CONTROLE
campo de controle BR-BrBNA
005 - DATA E HORÁRIO DA ÚLTIMA TRANSAÇÃO
campo de controle 20231205091254.0
007 - CAMPO FIXO DE DESCRIÇÃO FÍSICA--INFORMAÇÃO GERAL
campo de controle de tamanho fixo ta
008 - CAMPO DE DADOS FIXOS--INFORMAÇÃO GERAL
campo de controle de tamanho fixo 230509b bl.|||p| |||| 00| 00por d
040 ## - FONTE DA CATALOGAÇÃO
Instituição da catalogação original BR-BrBNA
Idioma da catalogação por
Instituição que transcreveu o registro Biblioteca Nacional de Agricultura
041 ## - CÓDIGO DE IDIOMA
Código do idioma do texto/trilha sonora ou título diferente (Pt)
072 ## - CÓDIGO DE CATEGORIA DE ASSUNTO
Código de Categoria de Assunto H10
100 1# - ENTRADA PRINCIPAL--NOME PESSOAL
Nome pessoal Precetti, A.A.C.M.
100 1# - ENTRADA PRINCIPAL--NOME PESSOAL
Nome pessoal Nasato, A.C.M.
100 1# - ENTRADA PRINCIPAL--NOME PESSOAL
Nome pessoal Beltrame, G.J.
100 1# - ENTRADA PRINCIPAL--NOME PESSOAL
Nome pessoal Oliveira, J.E. de
100 1# - ENTRADA PRINCIPAL--NOME PESSOAL
Nome pessoal Palini Junior, M.
245 1# - TÍTULO
Título Perdas de producao em cana-de-acucar causadas pela sauva-mata-pasto, Atta bisphaerica. Parte 1. [Saccharum spp, Brasil]
246 1# - FORMA VARIANTE DO TÍTULO
Título/título abreviado Yield losses in sugar cane by leafcutting ant, Atta bisphaerica. Part I
650 ## - ASSUNTO--TERMO TÓPICO
Cabeçalho tópico ou nome geográfico CANA DE ACUCAR
650 ## - ASSUNTO--TERMO TÓPICO
Cabeçalho tópico ou nome geográfico SAUVA
773 0# - ENTRADA ANALÍTICA
Título Boletim Tecnico COPERSUCAR (Brazil)
ISSN - International Standard Serial Number ISSN 0100-2996
Partes relacionadas (May 1988), (no. 42) p. 25-30
Número de controle do registro BR8805027
909 ## -
-- 202311
-- Lúcia
-- 55
-- Lúcia Elande
942 ## - ELEMENTOS DE ENTRADA ADICIONADOS (KOHA)
Fonte da classificação ou esquema de arquivamento na estante Classificação AGRIS
Ocultar no OPAC Não
Tipo de material Koha Analítica
Exemplares
Situação do descarte Fonte da classificação ou esquema de arquivamento na estante Situação física Não pode ser emprestado Biblioteca de origem Biblioteca atual Localização na estante Enumeração do periódico / cronologia Total de empréstimos Data de último acesso Número do exemplar Tipo de material Koha Fonte de aquisição
  Classificação AGRIS   Consulta local Biblioteca Nacional de Agricultura - Binagri Biblioteca Nacional de Agricultura - Binagri   (May 1988), (no. 42) p. 25-30   29/11/2023 01 Periódicos Portaria Interministerial nº 164/94

BINAGRI

Telefone: (61)3218-2567/2388/3357/2097 - binagri@agro.gov.br

Ministério da Agricultura e Pecuária , Esplanada dos Ministérios, Bloco D, Anexo B, Brasília/DF, CEP: 70.043-900